Environmental engineering (Record no. 5357)

000 -LEADER
fixed length control field 00678nam a2200241 4500
001 - CONTROL NUMBER
control field 5357
003 - CONTROL NUMBER IDENTIFIER
control field BD-DhUET
008 - FIXED-LENGTH DATA ELEMENTS--GENERAL INFORMATION
fixed length control field 141126b xxu||||| |||| 00| 0 eng d
020 ## - INTERNATIONAL STANDARD BOOK NUMBER
International Standard Book Number 0071002316
040 ## - CATALOGING SOURCE
Transcribing agency 0
Modifying agency BD-DhUET
082 ## - DEWEY DECIMAL CLASSIFICATION NUMBER
Classification number 628
Item number PEA/1985
100 ## - MAIN ENTRY--PERSONAL NAME
Personal name Peavy, Howard S
245 ## - TITLE STATEMENT
Title Environmental engineering
250 ## - EDITION STATEMENT
Edition statement 1st ed.
260 ## - PUBLICATION, DISTRIBUTION, ETC. (IMPRINT)
Place of publication, distribution, etc. New york
Name of publisher, distributor, etc. McGraw-Hill
Date of publication, distribution, etc. 1985
300 ## - PHYSICAL DESCRIPTION
Extent xiv,699 p.+various paging
Other physical details ill.
490 ## - SERIES STATEMENT
Series statement McGraw-Hill series in water resources and environmental engineering
504 ## - BIBLIOGRAPHY, ETC. NOTE
Bibliography, etc Includes bibliographies
650 #0 - SUBJECT ADDED ENTRY--TOPICAL TERM
Topical term or geographic name as entry element Environmental engineering
700 ## - ADDED ENTRY--PERSONAL NAME
Personal name Rowe, Donald R.
700 ## - ADDED ENTRY--PERSONAL NAME
Personal name Tchobanoglous, George
942 ## - ADDED ENTRY ELEMENTS (KOHA)
Koha item type General Book
Holdings
Withdrawn status Piece designation (barcode) Price effective from Koha date last borrowed Source of classification or shelving scheme Sublocation or collection (holding branch) Not for loan Location (home branch) Koha normalized classification for sorting Koha date last seen Damaged status Koha renewals Koha full call number Date acquired Shelving location Lost status Koha issues (times borrowed) Copy number Koha item type
 818962014-11-262023-12-10 Central Library, BUET Central Library, BUET628PEA19852024-09-08  628/PEA/19852014-11-26Circulation section 91General Book
 818952014-11-262024-03-16 Central Library, BUET Central Library, BUET628PEA19852024-06-02  628/PEA/19852014-11-26Circulation section 102General Book
 887882015-06-18  Central Library, BUET Central Library, BUET628_000000000000000_PEA_19852015-06-18  628/PEA/19852015-06-18Reading section  3Reading Item
 875792015-06-18  Central Library, BUET Central Library, BUET628_000000000000000_PEA_19852015-06-18  628/PEA/19852015-06-18Reading section  4Reading Item
 818942017-10-312020-03-16 Central Library, BUET Central Library, BUET628_000000000000000_PEA_19852021-11-13  628/PEA/19851991-10-28Circulation section 25General Book
 818472024-12-01  Central Library, BUET Central Library, BUET628_000000000000000_PEA_19852024-12-01  628 PEA/19851991-10-28Rental section  ক-৫১Rental Item
 818742024-12-01  Central Library, BUET Central Library, BUET628_000000000000000_PEA_19852024-12-01  628 PEA/19851991-10-28Rental section  ক-৭৮Rental Item
 818752024-12-01  Central Library, BUET Central Library, BUET628_000000000000000_PEA_19852024-12-01  628 PEA/19851991-10-28Rental section  ক-৭৯Rental Item
 818762024-12-01  Central Library, BUET Central Library, BUET628_000000000000000_PEA_19852024-12-01  628 PEA/19851991-10-28Rental section  ক-৮০Rental Item
 818772024-12-01  Central Library, BUET Central Library, BUET628_000000000000000_PEA_19852024-12-01  628 PEA/19851991-10-28Rental section  ক-৮১Rental Item
 818782024-12-01  Central Library, BUET Central Library, BUET628_000000000000000_PEA_19852024-12-01  628 PEA/19851991-10-28Rental section  ক-৮২Rental Item
 818792024-12-01  Central Library, BUET Central Library, BUET628_000000000000000_PEA_19852024-12-01  628 PEA/19851991-10-28Rental section  ক-৮৩Rental Item
 818802024-12-01  Central Library, BUET Central Library, BUET628_000000000000000_PEA_19852024-12-01  628 PEA/19851991-10-28Rental section  ক-৮৪Rental Item
 818812024-12-01  Central Library, BUET Central Library, BUET628_000000000000000_PEA_19852024-12-01  628 PEA/19851991-10-28Rental section  ক-৮৫Rental Item
 818822024-12-01  Central Library, BUET Central Library, BUET628_000000000000000_PEA_19852024-12-01  628 PEA/19851991-10-28Rental section  ক-৮৬Rental Item
 818832024-12-01  Central Library, BUET Central Library, BUET628_000000000000000_PEA_19852024-12-01  628 PEA/19851991-10-28Rental section  ক-৮৭Rental Item
 818842024-12-01  Central Library, BUET Central Library, BUET628_000000000000000_PEA_19852024-12-01  628 PEA/19851991-10-28Rental section  ক-৮৭Rental Item